书目信息 |
| 题名: |
肝病特效疗法
|
|
| 作者: | 柏顺 主编 | |
| 分册: | ||
| 出版信息: | 北京 中国画报出版社 2008.04 |
|
| 页数: | 168页 | |
| 开本: | 23cm | |
| 丛书名: | ||
| 单 册: | ||
| 中图分类: | R575.05 | |
| 科图分类: | ||
| 主题词: | 肝疾病 | |
| 电子资源: | ||
| ISBN: | 978-7-80220-258-0 | |
| 000 | 00560nam0 2200193 450 | |
| 001 | 0835440333 | |
| 005 | 20081215101025.14 | |
| 010 | @a978-7-80220-258-0@dCNY19.80 | |
| 100 | @a20081212d2008 km y0chiy0120 ea | |
| 101 | 0 | @achi |
| 200 | 1 | @a肝病特效疗法@Agan bing te xiao liao fa@f柏顺主编@Fbai shun zhu bian |
| 210 | @a北京@c中国画报出版社@d2008.04 | |
| 215 | @a168页@d23cm | |
| 300 | @a膳书堂医疗馆 | |
| 606 | 0 | @a肝疾病 |
| 690 | @aR575.05@v4 | |
| 701 | 0 | @a柏顺@Abai shun@4主编 |
| 801 | 0 | @aCN@b山东省滨州职业学院图书馆@c20081215 |
| 905 | @aBZT@dR575.05@e1@f5 | |
| 肝病特效疗法/柏顺主编.-北京:中国画报出版社,2008.04 |
| 168页;23cm |
| 膳书堂医疗馆 |
| ISBN 978-7-80220-258-0:CNY19.80 |
| ● |
| 相关链接 |
|
|
|
正题名:肝病特效疗法
索取号:R575.05/1
 
预约/预借
| 序号 | 登录号 | 条形码 | 馆藏地/架位号 | 状态 | 备注 |
| 1 | 0690392 | 2000690392 | 样本书库/样004架A面3层1列/ [索取号:R575.05/1] | 在馆 | |
| 2 | 0690393 | 2000690393 | 中心书库中库/ 中库010架A面5列6层29/ [索取号:R575.05/1] | 在馆 | |
| 3 | 0690394 | 2000690394 | 中心书库中库/ 中库010架A面5列6层32/ [索取号:R575.05/1] | 在馆 | |
| 4 | 0690395 | 2000690395 | 中心书库中库/ 中库010架A面5列6层31/ [索取号:R575.05/1] | 在馆 | |
| 5 | 0690396 | 2000690396 | 中心书库中库/ 中库010架A面5列6层30/ [索取号:R575.05/1] | 在馆 |